| 000 | 00810cam a2200277 a 4500 | ||
|---|---|---|---|
| 001 | 55955587 | ||
| 003 | OCoLC | ||
| 005 | 20210223151128.0 | ||
| 008 | 040706s2005 mnua j 001 0 spa | ||
| 010 | _a2004052987 | ||
| 020 |
_a0736841652 : _c$16.95 |
||
| 020 | _a9780736841658 | ||
| 040 |
_aDLC _cDLC _dCOB |
||
| 041 | 1 |
_aspa _heng |
|
| 099 |
_eSPA J1 _a591.479 |
||
| 100 | 1 | _aRing, Susan. | |
| 240 | 1 | 0 |
_aShow us your wings. _lSpanish. |
| 245 | 1 | 0 |
_aMuestranos tus alas / _cpor Susan Ring. |
| 260 |
_aMankato, Minn. : _bYellow Umbrella Books, _cc2005. |
||
| 300 |
_a17 p. : _bcol. ill. ; _c21 cm. |
||
| 440 | 0 |
_aYellow Umbrella Books. _pScience. _pSpanish. |
|
| 500 | _aIncludes index. | ||
| 650 | 0 |
_aWings (Anatomy) _vJuvenile literature. |
|
| 650 | 0 | _aSpanish language materials. | |
| 942 |
_cBK _2ddc |
||
| 999 |
_c25306 _d25306 |
||